Evaluación de riesgos laborales por puesto de trabajo basado en el acuerdo ministerial JGHG-000-08-09 para las plantas de producción 1 y 2 de la empresa INPTROCEAMERICA, Managua
El ministerio de trabajo de Nicaragua (MITRAB)a través de la dirección general de higiene y seguridad del trabajo, interviene en el cuidado, gestión y establecimiento de las disposiciones que en materia de seguridad e higiene deben de ser cumplidas en las áreas de trabajo para proteger la salud...
| Main Authors: | , |
|---|---|
| Other Authors: | |
| Format: | Tesis Section = Libro |
| Language: | Undetermined Spanish |
| Published: |
Managua
UNI
2018
|
| Subjects: |
| LEADER | 01567nam a2200277Ia 4500 | ||
|---|---|---|---|
| 008 | 240830s9999 xx 000 0 und d | ||
| 040 | |a BIBLIOTECA-RUPAP Mon 363.11 G934 | ||
| 041 | |a spa | ||
| 082 | |a Mon 363.11 G934 | ||
| 100 | 1 | |a Guerrero Nicaragua, Elixzer José | |
| 100 | 1 | |b Silvia Ramírez, Kevin Andrés | |
| 245 | 1 | 0 | |a Evaluación de riesgos laborales por puesto de trabajo basado en el acuerdo ministerial JGHG-000-08-09 para las plantas de producción 1 y 2 de la empresa INPTROCEAMERICA, Managua |
| 260 | |a Managua |b UNI |c 2018 | ||
| 300 | |a 348 p. :il. | ||
| 500 | |a Contiene Anexos y CD. | ||
| 502 | |a Tesis (Ingeniero Industrial)- UNI, 2018. | ||
| 520 | 3 | |a El ministerio de trabajo de Nicaragua (MITRAB)a través de la dirección general de higiene y seguridad del trabajo, interviene en el cuidado, gestión y establecimiento de las disposiciones que en materia de seguridad e higiene deben de ser cumplidas en las áreas de trabajo para proteger la salud ocupacional de sus trabajadores. Aún con esta ley, no existe una concienciación a nivel empresarial tanto de la organización privadas como públicas por lo cual no se fomentan costumbres referentes a planes de higiene y seguridad para la prevención de riesgos laborales. | |
| 650 | 7 | |a EVALUACION DE RIESGOS | |
| 650 | 7 | |b SEGURIDAD INDUSTRIAL | |
| 650 | 7 | |c SALUD OCUPACIONAL | |
| 650 | 7 | |d ACCIDENTES DE TRABAJO- PREVENCION | |
| 650 | 7 | |e FABRICAS- MEDIDAS DE SEGURIDAD | |
| 700 | 1 | |a Tutor: |b Vílchez Torres, Marcos Luis | |
| 942 | |c BK |2 ddc | ||
| 991 | |a TESIS | ||
| 999 | |c 15449 | ||